000 00696nam a2200229Ia 4500
003 OSt
005 20220927105043.0
006 a|||||r|||| 00| 0
007 ta
008 220926b |||||||| |||| 00| 0 eng d
024 _a186518
037 _cReference Collections
040 _aRTL
_cRTL
_beng
041 _2eng
_aeng
082 _a"X9(J451).2.N76<N69r, L6"
110 _aNAGA HILLS TEA COMPANY LIMITED
_9369923
245 0 _a"Annual report,1969-76."
260 _aCalcutta
_bNaga Hills Tea Co.
_c1976
700 _aNAGA HILLS TEA COMPANY LIMITED
_9369924
942 _h"X9(J451).2.N76<N69r, L6"
_cCC
999 _c690494
_d690494